000 00395nam a2200157Ia 4500
008 230711s9999||||xx |||||||||||||| ||und||
041 _aENG
082 _a624.1834
_bRA-D
100 _aRaju,N.Krishna
245 0 _aDesign of concrete mixes
250 _a4th Ed.
260 _c2002
_aNew Delhi
_bCBS Publishers & Distributors Pvt.Ltd
300 _a316
650 _aCivil Engineering
942 _cBK
999 _c806
_d806